Los círculos del sexo / (Record no. 82559)

MARC details
000 -LEADER
campo de control de longitud fija 00642nam a2200229 i 4500
001 - NÚMERO DE CONTROL
campo de control 82559
003 - IDENTIFICADOR DE NÚMERO DE CONTROL
campo de control ES-MaACL
005 - FECHA Y HORA DE LA ÚLTIMA TRANSACCIÓN
campo de control 20230906174708.0
007 - CAMPO FIJO DE DESCRIPCIÓN FÍSICA--INFORMACIÓN GENERAL
campo de control de longitud fija t|
008 - DATOS DE LONGITUD FIJA--INFORMACIÓN GENERAL
campo de control de longitud fija 041111s1973 sp ||||1| spa d
080 ## - NÚMERO DE LA CLASIFICACIÓN DECIMAL UNIVERSAL
Número de la Clasificación Decimal Universal 396
100 1# - ENTRADA PRINCIPAL--NOMBRE DE PERSONA
Nombre de persona Imizcoz, Beatriz.
9 (RLIN) 65221
245 14 - MENCIÓN DEL TÍTULO
Título Los círculos del sexo /
Mención de responsabilidad, etc. Beatriz Imizcoz.
260 ## - PUBLICACIÓN, DISTRIBUCIÓN, ETC.
Lugar de publicación, distribución, etc. [Madrid :
Nombre del editor, distribuidor, etc. Editora Nacional,
Fecha de publicación, distribución, etc. 1973]
300 ## - DESCRIPCIÓN FÍSICA
Extensión 329 p. ;
Dimensiones 23 cm.
490 1# - MENCIÓN DE SERIE
Mención de serie Mundos abiertos
650 04 - PUNTO DE ACCESO ADICIONAL DE MATERIA--TÉRMINO DE MATERIA
Término de materia o nombre geográfico como elemento de entrada Mujeres-
Subdivisión general Situación social.
9 (RLIN) 15317
830 0# - PUNTO DE ACCESO ADICIONAL DE SERIE-TÍTULO UNIFORME
Título uniforme Mundos abiertos
9 (RLIN) 231599
852 ## - LOCALIZACIÓN
Ubicación ES-MaACL
Número de control de estantería C-54848
Sublocalización o colección R.87570
852 ## - LOCALIZACIÓN
Ubicación ES-MaACL
Número de control de estantería E-5340
Sublocalización o colección R.89586
Holdings
Estatus retirado Estado de pérdida Estado de daño No para préstamo Biblioteca de origen Biblioteca actual Ubicación en estantería Fecha de adquisición Fuente de adquisición Total de préstamos Signatura topográfica completa Código de barras Visto por última vez Precio de reemplazo Tipo de ítem Koha
        Biblioteca del Ateneo de Madrid Biblioteca del Ateneo de Madrid Depósito 2 17/01/2008     E-5340 1086284 23/02/2023 23/02/2023 Libro impreso
        Biblioteca del Ateneo de Madrid Biblioteca del Ateneo de Madrid Depósito 2 17/01/2008     C-54848 1086283 23/02/2023 23/02/2023 Libro impreso